header

Franklin Roosevelt's foreign policy and the Welles mission (Record no. 221299)

MARC details
000 -LEADER
fixed length control field 01694nam a2200421 a 4500
082 04 - DEWEY DECIMAL CLASSIFICATION NUMBER
Classification number 327.730409/044
100 1# - MAIN ENTRY--AUTHOR NAME
Personal name Rofe, J. Simon.
245 10 - TITLE STATEMENT
Title Franklin Roosevelt's foreign policy and the Welles mission
250 ## - EDITION STATEMENT
Edition statement 1st ed.
260 ## - PUBLICATION, DISTRIBUTION, ETC. (IMPRINT)
Place of publication New York :
Name of publisher Palgrave Macmillan,
Year of publication 2007.
300 ## - PHYSICAL DESCRIPTION
Number of Pages 270 p. :
Other physical details ill.
490 1# - SERIES STATEMENT
Series statement The world of the Roosevelts
650 #0 - SUBJECT ADDED ENTRY--TOPICAL TERM
Topical Term World War, 1939-1945
856 40 - ELECTRONIC LOCATION AND ACCESS
Uniform Resource Identifier http://site.ebrary.com/lib/rucke/Doc?id=10194142

No items available.

© 2026 Rongo University
Contact us: librarian | system librarian | Rongo university